000 00262nam a22001217a 4500
003 SGT
082 _bGHO
100 _aGHOSH, SAJAL
245 _aVISION THE JOURNAL OF BUSINESS PERSPECTIVE
260 _aINDIA
_bSAGE PUB
_c2022
300 _a534
942 _2ddc
_cBV
999 _c29893
_d29893